000 00866nam a2200229Ii 4500
003 JO-AjNU
008 230605s9999||||xx |||||||||||||| ||und||
017 _a2017/8/4134
020 _a978-9957-687-05-2
040 _aJO-AjNU
_bara
_erda
_cJO-AjNU
041 _aara
050 1 4 _aHD4824.S343 2018
100 3 _aالساعدي، مؤيد، م. مشارك أريج سعيد خليل العاني ,
_eauthor
_957951
245 0 0 _aالمنطق الأخلاقي والمعرفي لثقافة المنظمة
250 _aط1
264 3 1 _aعمان: دار صفاء للنشر والتوزيع، 2018
300 _a416ص
_bيحتوي على جداول وصور توضيحيه
336 _atext
_btxt
_2rdacontent
337 _aunmediated
_bn
_2rdamedia
338 _avolume
_bnc
_2rdacarrier
650 4 _aالآداب- علم النفس التطبيقي
_957952
999 _aA25999
_c29567
_d29567